Paraísos fiscales: aspectos tributarios y societarios
Saved in:
| Hovedforfatter: | |
|---|---|
| Format: | Bog |
| Sprog: | spansk |
| Udgivet: |
Buenos Aires
Integra International
2001
|
| Fag: | |
| Tags: |
Tilføj Tag
Ingen Tags, Vær først til at tagge denne postø!
|
MARC
| LEADER | 00000nam a2200000 a 4500 | ||
|---|---|---|---|
| 001 | UCL7702 | ||
| 003 | CL-VaPUC | ||
| 008 | 040528e20010000AG |||||||||||||||||spa|d | ||
| 020 | |a 9879874714 | ||
| 082 | 0 | 4 | |a 341.752 |b RIV |2 21 |
| 100 | 0 | |a Riveiro, Ricardo Enrique |e author |9 485564 | |
| 245 | 1 | 0 | |a Paraísos fiscales: aspectos tributarios y societarios |
| 300 | |a 520 p | ||
| 942 | |c BK | ||
| 945 | |d 20040528 00:00:00 |a cmena | ||
| 260 | |a Buenos Aires |b Integra International |c 2001 | ||
| 650 | 0 | |a Derecho internacional |9 255637 | |
| 650 | 7 | |a COMERCIO INTERNACIONAL |2 CL-VaPUC |9 485565 | |
| 650 | 0 | |a Derecho tributario |9 258895 | |
| 650 | 0 | |a Impuestos |9 255450 | |
| 650 | 0 | |a Tratados internacionales |9 256056 | |
| 650 | 0 | |a Comercio electrónico |9 428366 | |
| 650 | 0 | |a Derecho comparado |9 255664 | |
| 583 | |a last modification |c 20040528 00:00:00 |k Rodrigo Vera | ||
| 999 | |c 309326 |d 309324 | ||
| 952 | |0 0 |1 0 |4 0 |6 341_752000000000000_RIV_2001 |7 0 |8 A |9 376752 |a BIBGIM |b BIBGIM |d 2019-11-21 |i 4021231 |o 341.752 RIV 2001 |p 4021231 |r 2025-01-15 |w 2019-11-21 |y BK |k COM | ||